000 00321nam a22001217a 4500
020 _a0-07-079590-8
082 _a503.21 MCG'I
100 _aINTERNATIONAL
_95649
245 _aMCGRAW HILL ENCYCLOPEDIA OF SCIENCE AND TECHNOLOGY VOLUME - 1 AAR-AZU
260 _aNEWYORK
_bMCGRAW HILL
_c1977
300 _a927P
942 _cBK
999 _c580048
_d580048